Slowakisches HGB [Handelsgesetzbuch]

Bibliographic Details
Other Authors: Geiling, Christian (edi), Babůrková, Dietlinde (edi)
Format: Book
Language:German
PhysicalDescription:270 s. 21 cm
Published: Prag Babtext [1994]
ISBN:8085816105
Subjects:

MARC

LEADER 00000nam a2200000 a 4500
001 vtls001286263
003 SK-MaSNL
005 20260301004434.0
008 251124s1994 xr r y 0 ger
015 |a SNBZSA1997-00272 
020 |a 8085816105 
035 |a SNK000237807 
040 |a SNK  |b slo  |c SNK  |e AACR2 
041 0 |a ger 
044 |a CZ 
080 |a 347.7:340.133(094.5)=30  |2 1981 
245 1 |a Slowakisches HGB [Handelsgesetzbuch]  |c Fachanwalt Christian Geiling, Dietlinde Babůrková 
260 |a Prag  |b Babtext  |c [1994] 
300 |a 270 s.  |c 21 cm 
500 |a Podnáz. na obál.: Slowakisches Handels- und Steuerrecht 
650 0 7 |a právo obchodné  |z Slovensko  |x zákony  |x texty  |x príručky  |2 SNK  |9 287250 
655 7 |a príručky  |2 SNK  |9 74364 
655 7 |a zákony  |2 SNK  |9 70186 
700 1 |a Geiling, Christian  |4 edi  |9 287251 
700 1 |a Babůrková, Dietlinde  |4 edi  |9 287252 
919 |a 80-85816-10-5 
999 |c 542145  |d 544075 
952 |t P60, <03>, [BOOK], {603}  |a SNK  |b SNK  |y PREZ  |7 0  |p 17A0063361  |o snkSC 93146  |i snkV 1159/97  |0 0  |1 0  |4 0  |d 1997-05-19  |f 1  |l 0  |r 2025-09-11 00:00:00  |w 2026-02-23